[Event "Coupe de la Loire 2014"]
[Site "?"]
[Date "2014.05.24"]
[Round "1"]
[White "Muller, Anthony"]
[Black "Pradel, Philippe"]
[Result "1-0"]
[WhiteElo "2119"]
[BlackElo "1590"]
[PlyCount "56"]
[EventDate "2014.??.??"]

1. d4 d6 2. c4 g6 3. Nc3 Bg7 4. e4 Nc6 5. Be3 e5 6. d5 Nce7 7. c5 a6 8. cxd6
cxd6 9. Qa4+ Bd7 10. Qb4 Qb8 11. a4 Nf6 12. Nf3 Ng4 13. Bb6 Nc8 14. Nd2 Nxb6
15. Qxb6 Qa7 16. Qxa7 Rxa7 17. Nc4 Ke7 18. Be2 Nf6 19. Nb6 Bc8 20. a5 Nd7 21.
Nca4 Nxb6 22. Nxb6 Bd7 23. Rc1 Rd8 24. Rc7 Ke8 25. Bd3 Bb5 26. Ke2 Bh6 27. Ra1
Kf8 28. Ra3 Bc1 1-0

[Event "Coupe de la Loire 2014"]
[Site "?"]
[Date "2014.05.24"]
[Round "1"]
[White "Mazet, Christian"]
[Black "Etlicher, Dominique"]
[Result "0-1"]
[WhiteElo "1571"]
[BlackElo "2082"]
[PlyCount "56"]
[EventDate "2014.??.??"]

1. d4 Nf6 2. c4 e6 3. Bg5 Bb4+ 4. Nc3 h6 5. Bh4 c5 6. Nf3 Qa5 7. Bxf6 Bxc3+ 8.
bxc3 Qxc3+ 9. Nd2 gxf6 10. d5 e5 11. e4 d6 12. Be2 Rg8 13. Rg1 Nd7 14. a4 Nf8
15. Rb1 Ng6 16. Rb3 Qa5 17. Rg3 Bd7 18. Ra3 Nf4 19. Bf3 O-O-O 20. g3 Nh3 21.
Ke2 b5 22. Qb3 b4 23. Rb1 f5 24. Raa1 Ng5 25. Qe3 fxe4 26. Bxe4 f5 27. Bh1 Rde8
28. Kf1 Rgf8 0-1

[Event "Coupe de la Loire 2014"]
[Site "?"]
[Date "2014.05.24"]
[Round "1"]
[White "Deville, Olivier"]
[Black "Trottet, Francois"]
[Result "1-0"]
[WhiteElo "1940"]
[BlackElo "1520"]
[PlyCount "57"]
[EventDate "2014.??.??"]

1. c4 c5 2. Nf3 Nc6 3. Nc3 d6 4. g3 Nf6 5. Bg2 a6 6. O-O g6 7. d4 cxd4 8. Nxd4
Bg7 9. Nxc6 Qc7 10. Nd4 Qxc4 11. Qa4+ Qxa4 12. Nxa4 e5 13. Nb3 Rb8 14. Nb6 Bg4
15. Bf3 Be6 16. Rd1 e4 17. Bg2 Ke7 18. Bg5 Rhd8 19. Bxe4 Kf8 20. Bf3 h5 21. Nd5
Bxd5 22. Bxd5 Rd7 23. Bxf6 Bxf6 24. Rd2 Re7 25. Rad1 Bg5 26. e3 Kg7 27. Na5 Bf6
28. Nc4 Rd8 29. Bf3 1-0

[Event "Coupe de la Loire 2014"]
[Site "?"]
[Date "2014.05.24"]
[Round "1"]
[White "Fauvin, David"]
[Black "Aumont-Mathieu, Georges"]
[Result "1/2-1/2"]
[WhiteElo "1510"]
[BlackElo "1668"]
[PlyCount "58"]
[EventDate "2014.??.??"]

1. c4 Nf6 2. Nc3 e6 3. g3 d5 4. cxd5 exd5 5. Bg2 Bc5 6. d4 Bb4 7. Bg5 c6 8. Nf3
h6 9. Bxf6 Qxf6 10. O-O Nd7 11. Qd2 O-O 12. Nxd5 Bxd2 13. Nxf6+ Nxf6 14. Nxd2
Be6 15. e3 Rad8 16. Nf3 Rfe8 17. Ne5 Nd5 18. Bxd5 Bxd5 19. b3 f6 20. Ng6 Bf3
21. Rfe1 Be4 22. Nf4 Bf3 23. Rac1 a5 24. Nd3 b6 25. Nb2 b5 26. Nd3 Kf7 27. Nc5
Re7 28. Rc2 Rxd4 29. Rec1 Rd8 1/2-1/2

[Event "Coupe de la Loire 2014"]
[Site "?"]
[Date "2014.05.25"]
[Round "1"]
[White "Bacyk, Bruno"]
[Black "Samuel, Christian"]
[Result "0-1"]
[WhiteElo "1682"]
[BlackElo "1860"]
[PlyCount "54"]
[EventDate "2014.??.??"]

1. c4 c6 2. Nf3 Nf6 3. e3 d5 4. cxd5 cxd5 5. b3 e6 6. Bb2 Be7 7. d4 O-O 8. Bd3
Nc6 9. Nc3 Re8 10. O-O g6 11. Rc1 Bf8 12. Na4 Ne4 13. Bb5 Bd7 14. Bxc6 Bxc6 15.
Nc5 Qa5 16. a3 Bg7 17. b4 Qd8 18. a4 Nxc5 19. Rxc5 Bf8 20. b5 Bxc5 21. dxc5 Bd7
22. Qd4 f6 23. Ne5 Rf8 24. c6 bxc6 25. bxc6 Bc8 26. Nxg6 Kg7 27. Qf4 e5 0-1

[Event "Coupe de la Loire 2014"]
[Site "?"]
[Date "2014.05.25"]
[Round "1"]
[White "Philip, Sylvain"]
[Black "Djouder, Larbi"]
[Result "1-0"]
[WhiteElo "1820"]
[BlackElo "1652"]
[PlyCount "47"]
[EventDate "2014.??.??"]

1. e4 e5 2. Nf3 d6 3. d4 exd4 4. Nxd4 Nf6 5. Nc3 Be7 6. Bc4 O-O 7. O-O Nbd7 8.
Nf5 Ne5 9. Nxe7+ Qxe7 10. Bb3 Bg4 11. f3 Be6 12. Bg5 Bxb3 13. axb3 c6 14. Qd4
a6 15. f4 Ned7 16. Rfd1 Qe6 17. Qxd6 Nb6 18. Qb4 c5 19. Qxc5 Nbd7 20. Qd6 Rad8
21. Qxe6 fxe6 22. e5 h6 23. Bh4 g5 24. fxg5 1-0

[Event "Coupe de la Loire 2014"]
[Site "?"]
[Date "2014.05.24"]
[Round "1"]
[White "Liogier, Pascal"]
[Black "Acikgoz, Tuncay"]
[Result "0-1"]
[WhiteElo "1660"]
[BlackElo "1566"]
[PlyCount "82"]
[EventDate "2014.??.??"]

1. Nf3 f5 2. d4 Nf6 3. c4 e6 4. g3 b6 5. Bg2 Bb7 6. Nc3 Bb4 7. O-O Bxc3 8. bxc3
O-O 9. Bg5 h6 10. Bxf6 Qxf6 11. Qb3 d6 12. c5 Nd7 13. Qb5 c6 14. Qb3 dxc5 15.
dxc5 Nxc5 16. Qb4 Ne4 17. Qd4 Nxc3 18. Qxf6 Nxe2+ 19. Kh1 Rxf6 20. Rfe1 Nc3 21.
Nd4 Nd5 22. Rxe6 Rxe6 23. Nxe6 Re8 24. Nd4 g6 25. Rc1 Kf7 26. Bxd5+ cxd5 27.
Rc7+ Re7 28. Rc3 Kf6 29. Kg1 Re4 30. Rd3 g5 31. f3 Re1+ 32. Kf2 Rb1 33. Rd2 Rb4
34. a3 Ra4 35. Nb5 Bc6 36. Nc7 Rxa3 37. Re2 Rc3 38. Re6+ Kg7 39. Re5 Rc2+ 40.
Ke3 a5 41. Rxf5 Bd7 0-1

[Event "Coupe de la Loire 2014"]
[Site "?"]
[Date "2014.05.24"]
[Round "1"]
[White "Carteron, Olivier"]
[Black "Mialon, Franck"]
[Result "1-0"]
[WhiteElo "1640"]
[BlackElo "1330"]
[PlyCount "57"]
[EventDate "2014.??.??"]

1. e4 e5 2. Nf3 Nc6 3. Bc4 Nf6 4. Ng5 Bc5 5. Bxf7+ Kf8 6. Bd5 Nb4 7. Bb3 d5 8.
c3 Bxf2+ 9. Kf1 Nd3 10. exd5 Bg4 11. Qxg4 Nxg4 12. Ne6+ Ke7 13. Nxd8 Rhxd8 14.
h3 Rf8 15. hxg4 Bc5+ 16. Ke2 Nxc1+ 17. Rxc1 Rf2+ 18. Kd3 Rxg2 19. Rf1 Rd8 20.
Bd1 Rxd5+ 21. Kc2 Be3 22. Bf3 Rdxd2+ 23. Nxd2 Rxd2+ 24. Kb3 a5 25. a4 c5 26.
Rad1 c4+ 27. Ka2 Rc2 28. Bxb7 Bd4 29. Kb1 1-0

[Event "Coupe de la Loire 2014"]
[Site "?"]
[Date "2014.05.24"]
[Round "1"]
[White "Vier, Serge"]
[Black "Libiszewski, Christian"]
[Result "1-0"]
[WhiteElo "1800"]
[BlackElo "1640"]
[PlyCount "47"]
[EventDate "2014.??.??"]

1. d4 d5 2. c4 c6 3. Nc3 Nf6 4. Nf3 dxc4 5. a4 Bf5 6. e3 Nbd7 7. Bxc4 e6 8. O-O
Be7 9. Re1 O-O 10. e4 Bg4 11. Qd3 Bxf3 12. Qxf3 Re8 13. Be3 Nb6 14. Bb3 Rc8 15.
Rad1 Qd7 16. a5 Na8 17. Bc2 Bb4 18. a6 bxa6 19. Bg5 Be7 20. Qd3 Qb7 21. e5 g6
22. Bxf6 Bf8 23. Re3 Nc7 24. Rh3 1-0

[Event "Coupe de la Loire 2014"]
[Site "?"]
[Date "2014.05.24"]
[Round "1"]
[White "Thizy, Nicolas"]
[Black "Allabrume, Guillaume"]
[Result "0-1"]
[WhiteElo "1430"]
[BlackElo "1487"]
[PlyCount "138"]
[EventDate "2014.??.??"]

1. e4 e6 2. Nc3 d5 3. exd5 exd5 4. d4 c6 5. Nf3 Bd6 6. Bd3 Bg4 7. Be3 Nf6 8. a3
Nbd7 9. h3 Bh5 10. g4 Bg6 11. Bxg6 hxg6 12. Qe2 Qe7 13. O-O-O O-O-O 14. Kb1 Nb6
15. Bf4 Rde8 16. Qxe7 Bxe7 17. Rde1 Bd8 18. Rxe8 Rxe8 19. Re1 Rh8 20. Ng5 Kd7
21. Nxf7 Rxh3 22. Ne5+ Kc8 23. Nxg6 Nxg4 24. Re8 Kd7 25. Rf8 Bf6 26. Rf7+ Ke6
27. Rxb7 Kf5 28. Ne5 Kxf4 29. Ne2+ Ke4 30. Nxg4 Bxd4 31. Nxd4 Kxd4 32. Rxg7
Rh1+ 33. Ka2 Rg1 34. f3 a5 35. Rf7 Rg2 36. Rf4+ Kc5 37. Ne3 Re2 38. b4+ axb4
39. axb4+ Kb5 40. Nd1 Rxc2+ 41. Kb3 Rc1 42. Rd4 Rb1+ 43. Kc3 Na4+ 44. Kc2 Rxb4
45. Nc3+ Nxc3 46. Kxc3 Rxd4 47. Kxd4 Kb4 48. f4 c5+ 49. Kd3 Kb3 50. f5 c4+ 51.
Kd2 Kb2 52. f6 c3+ 53. Kd3 c2 54. f7 c1=Q 55. f8=Q Qc3+ 56. Ke2 Qc4+ 57. Kf2
Kc2 58. Qf5+ Kd2 59. Qg5+ Kd3 60. Qg3+ Kc2 61. Qe5 d4 62. Qe4+ Qd3 63. Qc6+ Kd2
64. Qc5 Qc3 65. Qd5 d3 66. Qg5+ Kc2 67. Qg6 Qd2+ 68. Kf3 Kc1 69. Qg1+ Qd1+ 0-1

[Event "Coupe de la Loire 2014"]
[Site "?"]
[Date "2014.05.24"]
[Round "1"]
[White "Bednar, Emile"]
[Black "Valette, Nicolas"]
[Result "1-0"]
[WhiteElo "1738"]
[BlackElo "1330"]
[PlyCount "35"]
[EventDate "2014.??.??"]

1. e4 e5 2. f4 f6 3. fxe5 fxe5 4. Qh5+ Ke7 5. Qxe5+ Kf7 6. Bc4+ d5 7. Bxd5+ Kg6
8. Ne2 h6 9. O-O Nf6 10. Nf4+ Kh7 11. Bf7 Qe7 12. Bg6+ Kg8 13. Qc3 Qc5+ 14. d4
Qxc3 15. bxc3 Nc6 16. e5 Nh7 17. Nd5 Ne7 18. Bf7# 1-0

[Event "Coupe de la Loire 2014"]
[Site "?"]
[Date "2014.05.24"]
[Round "1"]
[White "Hong, Shawn"]
[Black "Barrandon, Georges"]
[Result "0-1"]
[WhiteElo "1360"]
[BlackElo "1520"]
[PlyCount "88"]
[EventDate "2014.??.??"]

1. e4 e5 2. Nf3 Nc6 3. Bc4 Bc5 4. d3 Nf6 5. Nbd2 d6 6. c3 Ng4 7. O-O O-O 8. h3
Nf6 9. b4 Bb6 10. Bb2 a6 11. Bb3 Ne7 12. Nc4 Ba7 13. Rc1 b5 14. Ncd2 Bb7 15.
Qe2 Ng6 16. Rfe1 Nf4 17. Qf1 h6 18. d4 Nd7 19. dxe5 dxe5 20. c4 Bc6 21. Bxe5
Nxe5 22. Nxe5 Be8 23. Ndf3 Kh8 24. cxb5 Bxb5 25. Bc4 Qe7 26. Bxb5 axb5 27. Nc6
Qe6 28. Nxa7 Rxa7 29. Nd4 Qg6 30. g3 Ne6 31. Nxe6 Qxe6 32. Qxb5 Rxa2 33. Qd5
Qa6 34. Ra1 Rxa1 35. Rxa1 Qxa1+ 36. Kg2 Qa8 37. Qxa8 Rxa8 38. Kf3 Rb8 39. Kf4
Rxb4 40. g4 Rd4 41. h4 c5 42. f3 c4 43. g5 hxg5+ 44. hxg5 c3 0-1

[Event "Coupe de la Loire 2014"]
[Site "?"]
[Date "2014.05.24"]
[Round "2"]
[White "Pradel, Philippe"]
[Black "Vier, Serge"]
[Result "1-0"]
[WhiteElo "1590"]
[BlackElo "1800"]
[PlyCount "55"]
[EventDate "2014.??.??"]

1. e4 e6 2. d3 d5 3. Nd2 c5 4. Ngf3 Nc6 5. g3 Nf6 6. Bg2 Be7 7. O-O O-O 8. Re1
Qb6 9. e5 Nd7 10. Nf1 f6 11. exf6 Nxf6 12. Ng5 e5 13. Ne3 Qd8 14. c4 d4 15. Nd5
Bd6 16. Nxf6+ Qxf6 17. Bd5+ Kh8 18. Rf1 h6 19. Qh5 Nd8 20. Ne4 Qe7 21. Qg6 Be6
22. Nxd6 Qxd6 23. Be4 Kg8 24. Bxh6 Qe7 25. Qh7+ Kf7 26. Bg6+ Kf6 27. h4 Nf7 28.
Qxg7# 1-0

[Event "Coupe de la loire 2014"]
[Site "?"]
[Date "2014.05.24"]
[Round "2"]
[White "Allabrume, Guillaume"]
[Black "Mazet, Christian"]
[Result "1/2-1/2"]
[WhiteElo "1487"]
[BlackElo "1571"]
[PlyCount "111"]
[EventDate "2014.??.??"]

1. e4 c5 2. Nf3 Nc6 3. d4 cxd4 4. Nxd4 d6 5. Nc3 a6 6. a4 Nf6 7. Bc4 e5 8. Nde2
Be6 9. Bxe6 fxe6 10. Be3 Be7 11. a5 Nxa5 12. Na4 Nc4 13. Ng3 Nxe3 14. fxe3 b5
15. Nc3 Qb6 16. Qe2 O-O 17. O-O Rac8 18. Kh1 Rc6 19. Na2 a5 20. Nc3 Rc5 21.
Rfd1 Rfc8 22. Rd2 Nd7 23. Qg4 Nf8 24. Nh5 g6 25. Rf1 Qd8 26. Rdf2 Kh8 27. Rf7
b4 28. Na4 Rxc2 29. Rg7 Rc1 30. Rgf7 Rxf1+ 31. Rxf1 gxh5 32. Qxh5 Qe8 33. Qd1
Qg6 34. Qf3 Qg7 35. Qh3 Rc2 36. Qf3 Kg8 37. g3 Qh6 38. h4 Qg6 39. h5 Qg7 40. g4
h6 41. Qd1 Rc8 42. Nb6 Rd8 43. Kh2 Qg5 44. Qf3 Qh4+ 45. Kg2 Qg5 46. Qf7+ Kh8
47. Qf3 Nh7 48. Qe2 Rf8 49. Rc1 Qf6 50. Nd7 Qf7 51. Nxf8 Qxf8 52. Qa6 Kg7 53.
Rf1 Qe8 54. Qxa5 Qb8 55. Qa2 Ng5 56. Qc4 1/2-1/2

[Event "Coupe de la Loire 2014"]
[Site "?"]
[Date "2014.05.24"]
[Round "2"]
[White "Trottet, Francois"]
[Black "Bednar, Emile"]
[Result "0-1"]
[WhiteElo "1520"]
[BlackElo "1738"]
[PlyCount "73"]
[EventDate "2014.??.??"]

1. e4 e5 2. Nf3 Nc6 3. Bb5 a6 4. Ba4 Bc5 5. c3 b5 6. Bc2 d6 7. O-O Bg4 8. d3 h5
9. Nbd2 Qf6 10. h3 Nge7 11. b4 Ba7 12. a4 Ng6 13. axb5 axb5 14. Bb3 Bxf3 15.
Nxf3 Nf4 16. Bxf4 Qxf4 17. Bd5 Kd7 18. Ra6 Bb6 19. Qa1 Rab8 20. Qa2 Nd8 21. Ra8
Ne6 22. Rxb8 Rxb8 23. Rd1 g5 24. Nh2 g4 25. g3 Qxg3+ 26. Kh1 Qf4 27. Bxe6+ fxe6
28. Rf1 Rg8 29. h4 Qf6 30. Qe2 Qxh4 31. d4 exd4 32. Qxb5+ Ke7 33. cxd4 Bxd4 34.
Qc6 Bb6 35. b5 g3 36. fxg3 Qxg3 37. Qc2 0-1

[Event "Coupe de la Loire 2014"]
[Site "?"]
[Date "2014.05.24"]
[Round "2"]
[White "Barrandon, Georges"]
[Black "Fauvin, David"]
[Result "0-1"]
[WhiteElo "1520"]
[BlackElo "1510"]
[PlyCount "78"]
[EventDate "2014.??.??"]

1. d4 Nf6 2. Nf3 g6 3. c4 e6 4. e3 Bg7 5. Be2 O-O 6. O-O c6 7. b4 d5 8. c5 b6
9. Nc3 a5 10. Ba3 axb4 11. Bxb4 Re8 12. cxb6 Qxb6 13. Bc5 Qa5 14. Qc2 Nbd7 15.
Bd6 c5 16. Rfb1 c4 17. Rb5 Qa6 18. Bg3 Ne4 19. Rb2 Nxg3 20. hxg3 Qc6 21. Rab1
Ba6 22. Qd2 Bf8 23. Ne1 Ba3 24. Rc2 Reb8 25. Bf3 Rb6 26. Rxb6 Qxb6 27. e4 dxe4
28. Bxe4 Rd8 29. Qd1 Nf6 30. Bf3 Rxd4 31. Qe2 Qd6 32. Ne4 Nxe4 33. Bxe4 c3 34.
Qe3 Bc5 35. Rxc3 Rc4 36. Qc1 Qd4 37. Bf3 Qxc3 38. Qxc3 Rxc3 39. Bc6 Rc1 0-1

[Event "Coupe de la Loire 2014"]
[Site "?"]
[Date "2014.05.24"]
[Round "2"]
[White "Samuel, Christian"]
[Black "Muller, Anthony"]
[Result "0-1"]
[WhiteElo "1860"]
[BlackElo "2119"]
[PlyCount "56"]
[EventDate "2014.??.??"]

1. d4 d5 2. Nf3 Nf6 3. c4 c6 4. Nc3 e6 5. e3 Nbd7 6. Qc2 Bd6 7. cxd5 exd5 8.
Be2 O-O 9. O-O Re8 10. Rd1 Nf8 11. Bd2 Qe7 12. Rac1 Ne4 13. Nxe4 Bf5 14. Qb3
Bxe4 15. Ne1 Ne6 16. Bd3 Ng5 17. f4 Bxd3 18. Qxd3 Ne4 19. Nc2 g5 20. Rf1 Kh8
21. Be1 Rg8 22. Rf3 Rg7 23. Qf1 g4 24. Rg3 h5 25. Qe2 f5 26. Rh3 gxh3 27. Qxh5+
Rh7 28. Qxf5 Rf8 0-1

[Event "Coupe de la Loire 2014"]
[Site "?"]
[Date "2014.05.24"]
[Round "2"]
[White "Etlicher, Dominique"]
[Black "Philip, Sylvain"]
[Result "1-0"]
[WhiteElo "2082"]
[BlackElo "1820"]
[PlyCount "55"]
[EventDate "2014.??.??"]

1. d4 Nf6 2. c4 g6 3. Nc3 Bg7 4. e4 d6 5. Be2 O-O 6. Bg5 c5 7. dxc5 dxc5 8. e5
Qxd1+ 9. Rxd1 Nfd7 10. f4 f6 11. exf6 exf6 12. Bh4 Nc6 13. Nf3 f5 14. O-O Nf6
15. Ne5 Nxe5 16. fxe5 Ne8 17. Be7 Rf7 18. Bxc5 Bxe5 19. Rd8 Rf8 20. Bxf8 Kxf8
21. Nd5 Kf7 22. g4 f4 23. Nxf4 Ke7 24. Rd2 Nf6 25. Nd5+ Nxd5 26. cxd5 Bd7 27.
Bc4 g5 28. d6+ 1-0

[Event "Coupe de la Loire 2014"]
[Site "?"]
[Date "2014.05.24"]
[Round "2"]
[White "Acikgoz, Tuncay"]
[Black "Deville, Olivier"]
[Result "1/2-1/2"]
[WhiteElo "1566"]
[BlackElo "1940"]
[PlyCount "78"]
[EventDate "2014.??.??"]

1. e4 c5 2. Nf3 d6 3. d4 cxd4 4. Nxd4 Nf6 5. Bd3 Nc6 6. Be3 Ng4 7. Nxc6 bxc6 8.
Bd2 Qb6 9. O-O Qxb2 10. Bc3 Qb6 11. Na3 e5 12. Be2 Nf6 13. Nc4 Qc5 14. Qd3 Ba6
15. a3 d5 16. exd5 cxd5 17. Nd6+ Qxd6 18. Qxa6 Qxa6 19. Bxa6 d4 20. Bb5+ Nd7
21. Ba5 Bd6 22. Rfe1 Rb8 23. Ba4 Rb7 24. Bc6 Rb2 25. Ba4 Ke7 26. Bb3 Rc8 27.
Bb4 Bxb4 28. axb4 Rc7 29. Rad1 Rb7 30. Rxd4 f6 31. Rc4 Nb6 32. Rc6 Rd7 33. g3
Nd5 34. Rc4 Nb6 35. Rce4 Nd5 36. f4 Nc3 37. R4e3 Nd5 38. Re4 Nc3 39. R4e3 Nd5
1/2-1/2

[Event "Coupe de la Loire 2014"]
[Site "?"]
[Date "2014.05.24"]
[Round "2"]
[White "Aumont-Mathieu, Georges"]
[Black "Carteron, olivier"]
[Result "1/2-1/2"]
[WhiteElo "1668"]
[BlackElo "1640"]
[PlyCount "51"]
[EventDate "2014.??.??"]

1. e4 e6 2. d4 d5 3. Nd2 Nf6 4. e5 Nfd7 5. Bd3 c5 6. c3 Nc6 7. Ne2 Qb6 8. Nf3
f6 9. exf6 Nxf6 10. O-O Bd6 11. b3 cxd4 12. cxd4 Nb4 13. Bb1 O-O 14. Ng3 Nd7
15. Re1 Re8 16. Ne5 Nc6 17. Be3 Qc7 18. f4 Bb4 19. Bd2 Qb6 20. Nxc6 bxc6 21.
Bxb4 Qxb4 22. a3 Qc3 23. Ba2 c5 24. Rc1 Qxd4+ 25. Qxd4 cxd4 26. Rcd1 1/2-1/2

[Event "Coupe de la Loire 2014"]
[Site "?"]
[Date "2014.05.24"]
[Round "2"]
[White "Piper, Stephane"]
[Black "Bacyk, Bruno"]
[Result "0-1"]
[WhiteElo "1554"]
[BlackElo "1684"]
[PlyCount "98"]
[EventDate "2014.??.??"]

1. Nf3 Nf6 2. g3 g6 3. Bg2 Bg7 4. O-O c6 5. d4 d5 6. Bf4 O-O 7. Nbd2 Nh5 8. Be3
Nd7 9. c4 Nhf6 10. c5 Re8 11. b4 Ng4 12. Bf4 e5 13. dxe5 Ngxe5 14. Rb1 b6 15.
cxb6 axb6 16. Qc2 Ba6 17. Nxe5 Bxe5 18. Bxe5 Nxe5 19. Rfe1 Nc4 20. Nxc4 Bxc4
21. a4 f5 22. e3 Qc7 23. Bf1 Bxf1 24. Rxf1 c5 25. bxc5 bxc5 26. Rb5 Ra5 27. Rd1
Rxb5 28. axb5 Rd8 29. Rb1 Qb6 30. Qa4 Rb8 31. Qf4 Re8 32. Qa4 Rb8 33. Qa2 c4
34. Qd2 Qc5 35. b6 Rxb6 36. Rxb6 Qxb6 37. Qxd5+ Kg7 38. Qxc4 Qb1+ 39. Kg2 Qe4+
40. Qxe4 fxe4 41. f3 exf3+ 42. Kxf3 Kf6 43. e4 Ke5 44. h4 Ke6 45. Kf4 Kf6 46.
g4 h6 47. g5+ hxg5+ 48. hxg5+ Ke6 49. e5 Kd5 0-1

[Event "Coupe de la Loire 2014"]
[Site "?"]
[Date "2014.05.24"]
[Round "2"]
[White "Djouber, Larbi"]
[Black "Thizy, Nicolas"]
[Result "1-0"]
[WhiteElo "1652"]
[BlackElo "1430"]
[PlyCount "67"]
[EventDate "2014.??.??"]

1. e4 c5 2. Nf3 a6 3. d4 e6 4. c4 d6 5. Bd3 Nd7 6. O-O Be7 7. Nc3 Bf6 8. Bf4
Qc7 9. Re1 e5 10. Nd5 Qd8 11. dxe5 Nxe5 12. Nxe5 dxe5 13. Be3 Be7 14. Bc2 Nf6
15. Ba4+ Bd7 16. Bxd7+ Nxd7 17. Qg4 Bf6 18. Rad1 Qc8 19. f4 O-O 20. Rf1 Re8 21.
f5 Nf8 22. Nxf6+ Kh8 23. Nxe8 Qxe8 24. Bxc5 Nd7 25. Bd6 Nf6 26. Qf3 Qc6 27.
Bxe5 Nxe4 28. Qd3 Qb6+ 29. Bd4 Rd8 30. Qxe4 Qd6 31. Bxg7+ Kxg7 32. Qg4+ Kf8 33.
Rxd6 Rxd6 34. f6 1-0

[Event "Coupe de la Loire 2014"]
[Site "?"]
[Date "2014.05.24"]
[Round "2"]
[White "Valette, Nicolas"]
[Black "Liogier, Pascal"]
[Result "0-1"]
[WhiteElo "1390"]
[BlackElo "1660"]
[PlyCount "74"]
[EventDate "2014.??.??"]

1. e4 c5 2. Nf3 Nc6 3. Bc4 Nf6 4. Nc3 g6 5. d4 cxd4 6. Nxd4 Bg7 7. Nxc6 bxc6 8.
O-O O-O 9. Bg5 Nxe4 10. Nxe4 d5 11. Bxd5 cxd5 12. Nc3 d4 13. Ne2 h6 14. Bf4 Bb7
15. c3 Qd5 16. f3 e5 17. Bg3 Ba6 18. Re1 Bxe2 19. Rxe2 Rfe8 20. cxd4 Qxd4+ 21.
Qxd4 exd4 22. Rxe8+ Rxe8 23. Rd1 Re2 24. Bf2 Rxb2 25. Bxd4 Bxd4+ 26. Rxd4 Rxa2
27. Kf1 Kg7 28. Re4 a5 29. Re2 Rxe2 30. Kxe2 Kf6 31. Kd3 Ke5 32. Kc4 Kf4 33.
Kb5 Ke3 34. Kxa5 Kf2 35. Kb5 Kxg2 36. f4 Kxh2 37. Kc5 Kg3 0-1

[Event "Coupe de la Loire 2014"]
[Site "?"]
[Date "2014.05.24"]
[Round "2"]
[White "Mialon, Franck"]
[Black "Hong, Shawn"]
[Result "1-0"]
[WhiteElo "1330"]
[BlackElo "1360"]
[PlyCount "31"]
[EventDate "2014.??.??"]

1. e4 e5 2. f4 exf4 3. Nf3 Nf6 4. Bc4 Bc5 5. d4 Bb6 6. O-O O-O 7. Bxf4 Nc6 8.
Bg5 d6 9. Qc1 h6 10. Bxh6 gxh6 11. Qxh6 Nxd4 12. Nxd4 Bxd4+ 13. Kh1 Bxb2 14. c3
Bxa1 15. Rxf6 Qe7 16. Rg6# 1-0

[Event "Coupe de la Loire 2014"]
[Site "?"]
[Date "2014.05.24"]
[Round "3"]
[White "Vier, Serge"]
[Black "Samuel, Christian"]
[Result "1/2-1/2"]
[WhiteElo "1800"]
[BlackElo "1860"]
[PlyCount "74"]
[EventDate "2014.??.??"]

1. d4 Nf6 2. Nf3 g6 3. Nc3 d5 4. Bf4 Bg7 5. Qd2 c6 6. O-O-O Nbd7 7. e3 b5 8.
Ne5 Bb7 9. Bd3 a5 10. e4 b4 11. Nxd7 Qxd7 12. Na4 dxe4 13. Bc4 Qd8 14. Nc5 Bc8
15. Rde1 O-O 16. Be5 Bf5 17. h3 Qb6 18. g4 Bc8 19. g5 Nd7 20. Bxg7 Kxg7 21. Na4
Qc7 22. Rxe4 Nb6 23. Nxb6 Qxb6 24. Rxe7 Bf5 25. h4 Rad8 26. Rhe1 a4 27. Qf4 b3
28. axb3 axb3 29. Bxb3 Ra8 30. Qe5+ Kg8 31. Qd6 Ra1+ 32. Kd2 Rxe1 33. Kxe1 Qb8
34. Qe5 Qb4+ 35. Kf1 Bg4 36. f3 Bxf3 37. Qf6 Bd5 1/2-1/2

[Event "Coupe de la Loire 2014"]
[Site "?"]
[Date "2014.05.24"]
[Round "3"]
[White "Philip, Sylvain"]
[Black "Allabrume, Guillaume"]
[Result "1-0"]
[WhiteElo "1820"]
[BlackElo "1487"]
[PlyCount "33"]
[EventDate "2014.??.??"]

1. e4 e6 2. d4 d5 3. Nd2 Nf6 4. e5 Nfd7 5. Ndf3 c5 6. c3 Qb6 7. Bd3 Nc6 8. Ne2
Be7 9. O-O cxd4 10. cxd4 f6 11. exf6 Bxf6 12. a3 Nxd4 13. Nexd4 e5 14. Re1 O-O
15. Qb3 exd4 16. Qxd5+ Kh8 17. Qh5 1-0

[Event "Coupe de la Loire 2014"]
[Site "?"]
[Date "2014.05.24"]
[Round "3"]
[White "Bednar, Emile"]
[Black "Acikgoz, Tuncay"]
[Result "0-1"]
[WhiteElo "1738"]
[BlackElo "1566"]
[PlyCount "78"]
[EventDate "2014.??.??"]

1. d4 f5 2. c4 Nf6 3. Nc3 e6 4. Qc2 Bb4 5. Bd2 Bxc3 6. Bxc3 O-O 7. Nf3 b6 8. g3
Bb7 9. Bg2 d6 10. b3 Nbd7 11. O-O Qe8 12. Rad1 Rb8 13. Qd2 Ne4 14. Qe1 Ndf6 15.
Bb2 Qh5 16. Nh4 g5 17. Bf3 Ng4 18. Bxg4 Qxg4 19. f3 Qh3 20. Ng2 Nf6 21. d5 exd5
22. Bxf6 Rxf6 23. cxd5 Rh6 24. Kf2 Qxh2 25. Rh1 Qxh1 26. Qxh1 Rxh1 27. Rxh1
Bxd5 28. Ne3 Be6 29. Rh5 g4 30. Ng2 gxf3 31. exf3 Re8 32. Nf4 Bf7 33. Rxf5 Bg6
34. Rd5 Bb1 35. Nh5 Re5 36. Rxe5 dxe5 37. a3 Kf7 38. Ke3 Bg6 39. g4 Bxh5 0-1

[Event "Coupe de la Loire 2014"]
[Site "?"]
[Date "2014.05.24"]
[Round "3"]
[White "Carteron, Olivier"]
[Black "Barrandon, Georges"]
[Result "1-0"]
[WhiteElo "1640"]
[BlackElo "1520"]
[PlyCount "37"]
[EventDate "2014.??.??"]

1. e4 c5 2. c3 Nc6 3. d4 cxd4 4. cxd4 d5 5. e5 e6 6. f4 Bb4+ 7. Nc3 Nge7 8. a3
Ba5 9. Nf3 O-O 10. Bd3 f6 11. O-O f5 12. g4 fxg4 13. Ng5 g6 14. Qxg4 Kg7 15.
Rf3 Nxd4 16. Rh3 h5 17. Rxh5 Ndf5 18. Rh7+ Kg8 19. Qh3 1-0

[Event "Coupe de la Loire 2014"]
[Site "?"]
[Date "2014.05.24"]
[Round "3"]
[White "Muller, Anthony"]
[Black "Bacyk, Bruno"]
[Result "1-0"]
[WhiteElo "2119"]
[BlackElo "1684"]
[PlyCount "35"]
[EventDate "2014.??.??"]

1. d4 Nf6 2. c4 c5 3. d5 e5 4. Nc3 d6 5. e4 g6 6. Be2 Bg7 7. Nf3 O-O 8. O-O Kh8
9. Ne1 Re8 10. Nd3 Ng8 11. b4 b6 12. a4 f5 13. a5 fxe4 14. Nxe4 cxb4 15. axb6
Qxb6 16. Be3 Qc7 17. Qa4 Na6 18. Qxe8 1-0

[Event "Coupe de la Loire 2014"]
[Site "?"]
[Date "2014.05.24"]
[Round "3"]
[White "Djouber, Larbi"]
[Black "Etlicher, Dominique"]
[Result "0-1"]
[WhiteElo "1652"]
[BlackElo "2082"]
[PlyCount "50"]
[EventDate "2014.??.??"]

1. d4 Nf6 2. c4 e6 3. Nf3 Bb4+ 4. Bd2 c5 5. Bxb4 cxb4 6. e3 b6 7. Nbd2 Bb7 8.
Bd3 O-O 9. O-O d6 10. e4 Nc6 11. d5 exd5 12. exd5 Ne7 13. Nd4 Ng6 14. N2f3 Re8
15. Qd2 a5 16. Rfe1 Ng4 17. Bf5 N4e5 18. Nxe5 Nxe5 19. b3 Qf6 20. Re2 Nf3+ 21.
gxf3 Rxe2 22. Bxh7+ Kxh7 23. Qxe2 Qxd4 24. Re1 Qf6 25. Qe4+ Qg6+ 0-1

[Event "Coupe de la Loire 2014"]
[Site "?"]
[Date "2014.05.24"]
[Round "3"]
[White "Deville, Olivier"]
[Black "Liogier, Pascal"]
[Result "1-0"]
[WhiteElo "1940"]
[BlackElo "1660"]
[PlyCount "55"]
[EventDate "2014.??.??"]

1. c4 f5 2. g3 Nf6 3. Bg2 c6 4. Nf3 e6 5. O-O Be7 6. d3 O-O 7. Nbd2 d5 8. Rb1
Na6 9. a3 Qe8 10. e3 Bd6 11. b4 b6 12. Bb2 e5 13. cxd5 cxd5 14. Qb3 Kh8 15.
Rfc1 e4 16. Nd4 Qh5 17. Rc6 Be7 18. Ne6 Bxe6 19. Rxe6 Ng4 20. h3 Qf7 21. Rxe7
Qxe7 22. hxg4 fxg4 23. dxe4 dxe4 24. Nxe4 Rae8 25. Nc3 Rf3 26. Nd5 Qe6 27. Qc4
Nc7 28. Qxc7 1-0

[Event "Coupe de la Loire 2014"]
[Site "?"]
[Date "2014.05.24"]
[Round "3"]
[White "Mialon, Franck"]
[Black "Aumont-Mathieu, Geoarges"]
[Result "0-1"]
[WhiteElo "1330"]
[BlackElo "1668"]
[PlyCount "40"]
[EventDate "2014.??.??"]

1. e4 e5 2. f4 Bc5 3. Nf3 d6 4. fxe5 dxe5 5. Bc4 Nf6 6. c3 Nc6 7. d4 exd4 8.
cxd4 Bxd4 9. Nxd4 Qxd4 10. Qxd4 Nxd4 11. Bb3 Nxe4 12. O-O Nxb3 13. axb3 Be6 14.
Ra5 O-O-O 15. Nc3 Nxc3 16. bxc3 Bxb3 17. Be3 a6 18. Rc5 Rd5 19. Rxf7 Rxc5 20.
Bxc5 Bxf7 0-1